<?xml version="1.0" encoding="UTF-8"?>
<record
    xmlns:xsi="http://www.w3.org/2001/XMLSchema-instance"
    xsi:schemaLocation="http://www.loc.gov/MARC21/slim http://www.loc.gov/standards/marcxml/schema/MARC21slim.xsd"
    xmlns="http://www.loc.gov/MARC21/slim">

  <leader>00562nam a22001217a 4500</leader>
  <controlfield tag="008">140910b        xxu||||| |||| 00| 0 eng d</controlfield>
  <datafield tag="050" ind1=" " ind2=" ">
    <subfield code="a">KF101.A312(Vol 48)</subfield>
  </datafield>
  <datafield tag="245" ind1=" " ind2=" ">
    <subfield code="a">Cases argued and decided in the United States October Term, 2000 cases contained in U.S reports Vol.148 US(part) Lawyers' Edition second series: Complete with headlines,head notes, statements of case. points and authorities of counsel, footnotes and parallel references. /</subfield>
  </datafield>
  <datafield tag="260" ind1=" " ind2=" ">
    <subfield code="a">Rochester:</subfield>
    <subfield code="b">New York.,</subfield>
    <subfield code="c">2002.</subfield>
  </datafield>
  <datafield tag="300" ind1=" " ind2=" ">
    <subfield code="a">Cix, 1150p.:</subfield>
    <subfield code="c">24cm</subfield>
  </datafield>
  <datafield tag="440" ind1=" " ind2=" ">
    <subfield code="v">Vol. 148.</subfield>
  </datafield>
  <datafield tag="942" ind1=" " ind2=" ">
    <subfield code="2">lcc</subfield>
    <subfield code="c">BK</subfield>
  </datafield>
  <datafield tag="999" ind1=" " ind2=" ">
    <subfield code="c">4662</subfield>
    <subfield code="d">12162</subfield>
  </datafield>
  <datafield tag="952" ind1=" " ind2=" ">
    <subfield code="0">0</subfield>
    <subfield code="1">0</subfield>
    <subfield code="2">lcc</subfield>
    <subfield code="4">0</subfield>
    <subfield code="7">0</subfield>
    <subfield code="a">WIUC-1</subfield>
    <subfield code="b">WIUC-1</subfield>
    <subfield code="c">LL</subfield>
    <subfield code="d">2014-09-11</subfield>
    <subfield code="l">0</subfield>
    <subfield code="o">KF101.A312(Vol. 148)</subfield>
    <subfield code="p">066/13</subfield>
    <subfield code="r">2014-09-11 00:00:00</subfield>
    <subfield code="t">1</subfield>
    <subfield code="w">2014-09-11</subfield>
    <subfield code="y">BK</subfield>
  </datafield>
</record>
